| 000 | 00883nam a2200277 a 4500 | ||
|---|---|---|---|
| 003 | AR-BaBNM | ||
| 005 | 20251128205501.0 | ||
| 008 | 082120s2002 ||||||||||||||000 | spa|| | ||
| 020 | _a84-86956-2-x | ||
| 040 | _cAR-BaBNM | ||
| 245 | 0 | 0 |
_aEspaña - América Latina - Estados Unidos _bun diálogo posible |
| 260 |
_aBarcelona _bSociedad Estatal Quinto Centenario _bGabinete de Relaciones Territoriales _bAyuntamiento de Barcelona _c1992 |
||
| 300 |
_a291 p. _bil. |
||
| 650 | 4 | _aMEDIOS DE COMUNICACION | |
| 650 | 4 | _aPOLITICA INTERNACIONAL | |
| 650 | 4 | _aRELACIONES INTERNACIONALES | |
| 650 | 4 | _aORGANIZACIONES INTERNACIONALES | |
| 650 | 4 | _aCIENCIA Y TECNOLOGIA | |
| 650 | 4 | _aDESARROLLO CIENTIFICO | |
| 651 | 4 | _aEspaña | |
| 651 | 4 | _aAmérica Latina | |
| 700 | 1 |
_aRoca, Alfredo _ecoordinador |
|
| 700 | 1 |
_aAznarez, Carlos _ecoordinador |
|
| 942 | _cBK | ||
| 998 | _cmariana | ||
| 999 |
_c11580 _d11580 |
||